000 01164nam a2200325Mi 4500
005 20150923075426.0
008 150923s2014 sp fr 000 0 spa d
020 _a9788483424766
020 _a8483424762
035 _a(OCoLC)920346875
040 _aCO-BoUCM
_bspa
_cJose A. Gerena
_dJose A. Gerena
041 0 _aspa
245 0 0 _aCurso de derecho civil
_cCarlos Martínez de Aguirre Aldaz [y otros autores] ; volumen coordinado por Carlos Martínez de Aguirre Aldaz
250 _a4a ed
260 _aMadrid (España)
_bColex
_c2014
300 _a990 páginas
505 _gV.2
_tDerecho de obligaciones
650 4 _aDerecho civil
_912711
650 4 _aObligaciones (Derecho)
_920655
650 4 _aObligaciones naturales
_920659
650 4 _aResponsabilidad contractual
_923672
650 4 _aContratos
_911818
690 _942766
_aDerecho civil
700 1 _aMartínez de Aguirre Aldaz, Carlos
_971677
700 1 _aContreras, Pedro de Pablo
_971678
700 1 _aPérez Ángel, Miguel Ángel
_971679
700 1 _aParra Lucán, María Ángeles
_971680
942 _2DEWEY
_a8
_cLIBRO
_e4
_h346
_mC977c
999 _c300388
_d300388